| 000 | 00868nam a22001937a 4500 | ||
|---|---|---|---|
| 003 | OSt | ||
| 005 | 20260316025322.0 | ||
| 008 | 260316b |||||||| |||| 00| 0 eng d | ||
| 020 | _a978-1-4998-0309-9 | ||
| 040 |
_aDWCL GS lib _cOC |
||
| 082 | _aI15 2016 | ||
| 245 | _aIce age collision course: the junior novel | ||
| 260 |
_aNew York _bSizzle Press, a division of Bonnier Publishing, _c2016 |
||
| 300 |
_a119 p _c19 cm |
||
| 520 | _afollows Manny, Sid, Diego, and their herd as they tackle a cosmic threat caused by Scrat’s space-faring acorn pursuit, which sends an asteroid toward Earth. | ||
| 650 | _aIce Age film franchise. It tells the story of the prehistoric herd navigating a cosmic crisis while managing major life changes, targeting readers aged 7-10. | ||
| 650 | _a family, adaptation, and teamwork to overcome impending doom. | ||
| 942 |
_2ddc _cFIC. _n0 |
||
| 999 |
_c9137 _d9137 |
||